01206nam a22002895i 4500001000700000003000900007005001700016008004100033080001200074080000900086100003000095245013700125260004000262300006600302490007500368500001400443650003800457650003200495700002900527700002900556700004000585700003000625830008300655852003600738999001900774952012300793177122ES-MaACL20250812043829.0110304s1967 sp afo |||| | spa d a7.031.1 a7(3)1 aBiedermann, Hans.914545510aCulturas megalíticas / cHans Biedermann, Hagen Biesantz, Joseph Wiesner ; [traducido por Abilio Echevarría y Federico Revilla]. aBilbao : bMoretón, cD. L. 1967. a251, [16] p. de lám. col. y n. : bil. col. y n. ; c17 cm.1 aBiblioteca de divulgación cultural. Historia del arte universal ;v4 aÍndice.07aArte prehistórico2embne910269 7aArte antiguo2embne91453580 aBiesantz, Hagen.91454561 aWiesner, Joseph.91454530 aEchevarría Pagola, Abilio.9465620 aRevilla, Federico.99642900aBiblioteca de divulgación cultural. pHistoria del arte universalv49190363 aES-MaACLjE-14544 xOlim P-1406 c177122d177122 00104070aATENEOMbATENEOMcDEPO2d2011-03-04eDONl0oE-14544p1186028r2023-02-23 00:00:00w2023-02-23yMONOGRAFIA